000 00353nam a22001577a 4500
001 T027600013609
008 181111b xve|||||r|||| 00| | esp d
099 _aM-0157
_b
100 _aFundación Polar
245 _aVenezuela
260 _a1999
300 _a1 mapa; 3:25x87cm.
500 _aImpreso
650 _a(Venezuela)--Mapas
942 _cLIB
999 _c12447
_d12447